El puesto del hombre en el cosmos

Guardat en:
Dades bibliogràfiques
Autor principal: Scheler, Max (Autor)
Format: Llibre
Idioma:espanyol
Publicat: Buenos Aires Losada 1968
Edició:7a. ed
Col·lecció:Biblioteca Filosófica
Matèries:
Etiquetes: Afegir etiqueta
Sense etiquetes, Sigues el primer a etiquetar aquest registre!

MARC

LEADER 00000nam a2200000 a 4500
001 UCR3815
003 CL-VaPUC
008 980130e19680000AG |||||||||||||||||spa|d
082 0 4 |a 128  |b SCH  |2 21 
100 0 |a Scheler, Max  |e author  |9 311258 
245 1 3 |a El puesto del hombre en el cosmos 
250 |a 7a. ed 
300 |a 117 p 
942 |c BK 
945 |d 19980130 00:00:00  |a aolguin 
260 |a Buenos Aires  |b Losada  |c 1968 
600 0 |a Descartes, René  |e autor  |9 265906 
600 0 7 |a KLAGES, LUIS  |2 CL-VaPUC  |9 334598 
650 7 |a HOMBRE  |2 CL-VaPUC  |9 262149 
650 0 |a Antropología filosófica  |9 265842 
650 0 |a Metafísica  |9 265649 
650 0 |a Religión   |9 255164 
650 0 |a Filosofía del espíritu  |9 320175 
650 7 |a CONOCIMIENTO  |2 CL-VaPUC  |9 308991 
583 |a last modification  |c 19980130 00:00:00  |k Rodrigo Vera 
490 0 |a Biblioteca Filosófica 
999 |c 266836  |d 266834 
952 |0 0  |1 0  |4 0  |6 128_000000000000000_SCH_1968  |7 0  |8 DER_TF  |9 298847  |a BIBDER  |b BIBDER  |d 2019-11-20  |i 1944215  |o 128 SCH 1968  |p 1944215  |r 2023-01-25  |w 2019-11-20  |x Ubicación 4to Piso  |y BK  |z Estos recursos deben solicitarse con anticipación  |k DER